[Event "Norway Chess 1st"]
[Site "Stavanger"]
[Date "2013.05.13"]
[Round "5"]
[White "Karjakin, Sergey"]
[Black "Carlsen, Magnus"]
[Result "0-1"]
[WhiteElo "2767"]
[BlackElo "2868"]
[Annotator "Marin,M"]
[PlyCount "92"]
[EventDate "2013.05.08"]
[EventType "tourn"]
[EventRounds "9"]
[EventCountry "NOR"]
[EventCategory "21"]
[SourceTitle "CBM 155"]
[Source "ChessBase"]
[SourceDate "2013.07.16"]
[SourceVersion "1"]
[SourceVersionDate "2013.07.16"]
[SourceQuality "1"]

1. e4 e5 2. Nf3 Nc6 3. Bb5 a6 4. Ba4 Nf6 5. O-O Be7 6. Re1 b5 7. Bb3 d6 8. c3
O-O 9. h3 Nb8 10. d4 Nbd7 {For a player like Carlsen, who rarely banks on the
opening, the Breyer variation must be an optimal choice. Black retains a
flexible position and things cannot go really wrong for him. In the worst case,
he would find himself in a slightly inferior position after 15-20 moves or so,
but Carlsen is quite good at converting such worse positions into... wins! The
important thing is to leave the opening behind with the minimum of damage and
then get to the complicated middlegame business, clearly Carlsen's piece of
cake.} 11. Nbd2 Bb7 12. Bc2 Re8 13. a4 Bf8 14. Bd3 c6 {A typical position for
this line. Black surely is flexible and has no weaknesses at all. He still has
useful moves at his disposal, mainly ...g6 and ...Bg7, but then will have to
come up with some counterplay in the centre. White has better control in the
centre, but in order to prove at least a slight advantage, he has to prepare
against Black's ...d6-d5, ...c6-c5 and ...exd4 in optimal way. Easier said
than done, especially in over the board conditions.} 15. Qc2 {A relatively
rare move.} ({Carlsen has had some experience against the more popular
continuations:} 15. b4 Nb6 16. axb5 cxb5 $5 (16... axb5 {1/2 Anand,V (2800)
-Carlsen,M (2826)/Nanjing 2010/CBM 139/[Giri] (44)}) 17. d5 Rc8 18. Ra3 (18.
Bb2 Nh5 {1/2 Shirov,A (2749)-Carlsen,M (2826)/Bilbao 2010/CBM 139/[Edouard,R] 
(175)}) 18... Nh5 19. Nf1 g6 20. N1h2 Bg7 {Anand,V (2800)-Carlsen,M (2826)/
Bilbao 2010/CBM 139/[Edouard,R] (1/2, 50)}) ({A previous Breyer duel between
the same two players went:} 15. b3 Qc7 ({Carlsen also tried the standard} 15...
g6 16. Bb2 exd4 17. cxd4 d5 {Nisipeanu,L (2659)-Carlsen,M (2815)/Medias 2011/
CBM 143/[Rogozenco] (1/2, 32)}) 16. Qc2 Rac8 17. Bb2 Nh5 {Karjakin,S (2760)
-Carlsen,M (2802)/Moscow (blitz) 2010/EXT 2011 (0-1, 31)}) 15... Rc8 16. axb5
axb5 17. b4 ({Slightly more ambitious, but also more committal, than} 17. b3 g6
18. Bb2 Qc7 19. c4 bxc4 20. Nxc4 exd4 21. Bxd4 {1/2 Vallejo Pons,F (2697)
-Grischuk,A (2760)/Khanty Mansiysk 2010/CBM 139} d5 $11) 17... Qc7 $5 $146 ({
Carlsen might have disliked the standard} 17... g6 {for concrete reasons.} 18.
dxe5 $5 ({After the neutral} 18. Bb2 {Black managed to get enough play in an
older top level game:} Nh5 19. g3 exd4 $5 20. cxd4 d5 21. Bc3 Nb6 22. e5 Rc7
23. Nb3 Bc8 24. Kg2 Ng7 25. Nh2 h5 $13 {(1/2, 56) Short,N (2635)-Portisch,L 
(2605)/Wijk aan Zee 1990/CBM 017}) 18... dxe5 19. Nb3 Qc7 (19... c5 $6 {
loses a pawn without compensation:} 20. bxc5 Nxc5 21. Nxc5 Rxc5 22. Ba3 $16)
20. Bg5 $1 h6 21. Be3 $14 {White retains some pressure, since after} c5 22.
bxc5 {the pawn is not that easy to retrieve because Ph6 is hanging.}) 18. Bb2 (
18. dxe5 dxe5 19. Nb3 {is completely inoffensive:} c5 20. bxc5 Nxc5 21. Nxc5
Qxc5 $11) 18... Ra8 $6 {But this counter-developing move does not seem right.}
(18... g6 {would leave White with the problem of how to strengthen his
position.} 19. Bf1 {Possibly the most constructive move. Once the b1-h7
diagonal has been safely defended by Black's last move, the bishop is more
useful on f1, defending g2 among others.} (19. c4 exd4 20. Bxd4 bxc4 21. Qxc4
d5 $11) (19. Nb3 c5 $1 20. bxc5 dxc5 21. dxe5 Nxe5 $132 22. Nxe5 $6 c4 $15) (
19. Rad1 d5 $5 20. exd5 exd4 21. Rxe8 Rxe8 22. dxc6 Qxc6 $11) 19... exd4 ({
Some of the metits of the bishop retreat can be seen after} 19... d5 $6 20.
exd5 exd4 $6 21. Rxe8 Rxe8 22. dxc6 Qxc6 23. Nxd4 $18 {and the g2-pawn is
defended.}) 20. cxd4 d5 21. e5 Nh5 22. Bc3 Ng7 23. Nb3 Nb6 {This is similar to
the Short-Portisch game above, but the move ...Qd8-c7 is at least a waste of
time. For instance, Black does not have the nice regrouping ...Rc7, ...Bc8
anymore. So, maybe White has better chances to retain some advantage.}) 19.
Rad1 Nb6 $6 {Paradoxically, this does not reduce the impact of c3-c4 at all.
In fact, weakening the defence of the e5-pawn will have serious effects.} ({
Given White's centralisation,} 19... g6 {looks dangerous, too:} 20. c4 bxc4 21.
Bxc4 (21. Qxc4 Ba6 $11) 21... exd4 22. Bxd4 $14 d5 23. Bxd5 Nxd5 24. exd5 Rxe1+
25. Nxe1 Bxb4 26. Ne4 $36 {Black is under pressure on bth wings. With the pawn
on g7, things would be different, but it is late to think about that now.}) ({
Black should probably have admitted that something had gone slightly wrong and
played some very safe move like} 19... h6 $5 {According to White's answer,
Black could next play ...g6 or ...d5. Or if} 20. c4 bxc4 21. Bxc4 exd4 22. Bxd4
{, the safest might be} Qc8 $5 {[%cal Gd6d5,Gb7a6] unpinning the c6-pawn and
preparing both ...d6-d5 and ...Ba6.} (22... Ba6 23. Bxa6 Rxa6 24. b5 $16) (
22... d5 23. e5 dxc4 24. exf6 {If he does not wish to see his kingside
structure ruined, Black has to spend a tempo on} g6 $14)) 20. c4 $1 bxc4 21.
Nxc4 Nxc4 22. Bxc4 $16 {White has wonderful development, with the bishops
deserving a special mention. This time, the Breyer has yielded Carlsen
slightly less than a worse but playable position.} h6 {Even now, this seems to
be the only move allowing him to put up some resistance.} (22... g6 $2 23. dxe5
dxe5 24. Ng5 Re7 25. f4 $18) (22... Ba6 $6 23. dxe5 (23. Bb3 $5 $16) 23... dxe5
24. Ra1 Bxc4 25. Rxa8 Rxa8 26. Bxe5 Qb6 27. Qxc4 Bxb4 28. Rb1 c5 29. Ng5 Qb7 (
29... Ra7 30. Bc3) 30. Qxc5) (22... exd4 23. Bxd4 d5 (23... Nxe4 $2 24. Bd5 Nf6
25. Ng5 $18 {Golubev}) 24. Bxd5 Nxd5 25. exd5 Rxe1+ 26. Rxe1 $16 Bxb4 $2 27.
Ng5 g6 28. Ne4 $18) 23. dxe5 (23. Bb3 {also looks playable, but may lead to
some undesired complications. White is entitled to hope to win the game by
technical means.} exd4 24. Nxd4 c5 25. Nf5 Nxe4 (25... Bxe4 $2 26. Rxe4 Nxe4
27. Bd5 $18) 26. f3 Qb6 $1 (26... Nf6 27. Nxh6+ $1 $18) 27. Re3 c4 28. Qxc4 Ng5
29. Bd4 Qc6 {and Black's position is worse, but probably holdable.}) 23... dxe5
24. Bc3 Ba6 {Aiming to get counterplay in a position that does not allow that.}
(24... Nd7 $2 25. Rxd7 Qxd7 26. Nxe5 Rxe5 27. Bxe5 Bxb4 28. Rd1 Qe7 29. Qb3 $18
) (24... g6 $6 25. Qb2 Nd7 (25... Bd6 26. Rxd6 Qxd6 27. Bxe5 Rxe5 28. Nxe5 $18)
26. Rxd7 Qxd7 27. Nxe5 Rxe5 28. Bxe5 $18) ({Maybe Black should have thought of
consolidating the e5-pawn with} 24... Re7 $5 25. Qb2 Rae8 {, although his
position would be rather cramped.}) 25. Bb3 c5 26. Qb2 c4 27. Ba4 Re6 28. Nxe5
Bb7 {Black has lost a pawn, but his light-squared bishop has become active and
for an instant White is slightly hanging.} 29. Bc2 $2 {This has a double
drawback: it cuts the queen off from the kingside and allows Black's optimal
regrouping with the next move.} (29. Bb5 $1 $16 {[%csl Gc4,Ge8]} Ba6 (29...
Nxe4 30. Rd7 $18 {Golubev}) (29... Bxe4 30. Bxc4 Rxe5 31. Bxe5 Qxc4 32. Rd4 Qc2
33. Qxc2 Bxc2 34. b5 $18 {Golubev}) 30. Bd7 Rb6 (30... Re7 31. Bc6 $16) 31. b5
Bxb5 32. Bxb5 Rab8 33. Ba5 $18) 29... Rae8 $1 30. f4 Bd6 $44 {Suddenly, Black
has entirely adequate compensation. He is threatening ...Nh5 followed by
either ...f6 or ...g5, undermining White's stability in the centre.} 31. Kh2 $6
{This is hard to explain, the king does not stand well on the same diagonal as
the black queen and bishop.} (31. g3 Nh5 32. Re3 g5 33. Ba4 R8e7 34. Qe2 (34.
Qf2 gxf4 35. gxf4 f6) (34. Qg2 f5) 34... gxf4 35. Qg4+ (35. Nxf7 fxe3 36. Qxh5
Rxf7 37. Qg4+ Kh7 38. Qxe6 $13) 35... Kf8 36. gxf4 Nf6 37. Qf5 Bxe4 38. Rxe4
Nxe4 39. Qxe4 Bxe5 40. Bxe5 Qa7+ 41. Qd4 Qxa4 42. Bd6 $11) (31. Re3 Nh5 {
is likely to transpose.}) 31... Nh5 32. g3 f6 33. Ng6 Nxf4 $1 {White is in
trouble already. This seemed virtually impossible 10 moves earlier. What kind
of magic does Magnus use?} 34. Rxd6 (34. gxf4 Bxf4+ 35. Kg2 (35. Nxf4 Qxf4+ 36.
Kg2 f5 $19) (35. Kh1 Rxe4 36. Bxe4 Rxe4 37. Kg1 Bd2 $1 $18 {[%cal Gc7g3]})
35... f5) 34... Nxg6 35. Rxe6 Rxe6 $15 36. Bd4 $6 (36. Qc1 $5 $15) 36... f5 $17
{Winning a pawn.} 37. e5 Nxe5 38. Bxe5 Qc6 39. Rg1 (39. Bxf5 Rxe5) (39. Be4
fxe4 40. Re3 $17) 39... Qd5 40. Bxf5 Rxe5 41. Bg4 h5 42. Bd1 c3 43. Qf2 (43.
Qxc3 Qa2+ 44. Qc2 Qxc2+ 45. Bxc2 Re2+) 43... Rf5 44. Qe3 Qf7 45. g4 Re5 {
An elegant solution.} ({The simple} 45... Qc7+ {was good enough, of course.}
46. Rg3 (46. Qg3 Rf2+) 46... Qc6 (46... h4 $2 47. gxf5) 47. Rg1 c2 48. Qb3+ Kh8
49. Qxc2 Qd6+ 50. Rg3 h4) 46. Qd4 Qc7 $1 {[%csl Rh2][%cal Gc3c2,Ge5e3,Ge5d5]}
0-1

[Event "Astrakhan FIDE GP"]
[Site "Astrakhan"]
[Date "2010.05.13"]
[Round "4"]
[White "Akopian, Vladimir Eduardovic"]
[Black "Mamedyarov, Shakhriyar"]
[Result "1/2-1/2"]
[WhiteElo "2694"]
[BlackElo "2763"]
[Annotator "Marin,M"]
[PlyCount "106"]
[EventDate "2010.05.10"]
[EventType "tourn"]
[EventRounds "13"]
[EventCountry "RUS"]
[EventCategory "20"]
[SourceTitle "CBM 137"]
[Source "ChessBase"]
[SourceDate "2010.07.15"]
[SourceVersion "1"]
[SourceVersionDate "2010.07.15"]
[SourceQuality "1"]

1. e4 e5 2. Nf3 Nc6 3. Bb5 a6 4. Ba4 Nf6 5. O-O Be7 6. Re1 b5 7. Bb3 d6 8. c3
O-O 9. h3 Nb8 10. d4 Nbd7 11. Nbd2 Bb7 12. Bc2 Re8 13. Nf1 Bf8 14. Ng3 g6 15.
b3 Rb8 $5 {A rare and somewhat mysterious continuation. One needs long
strategic and tactical sight in order to foresee the usefulness of the rook on
b8, if compared with a8.} ({We should permanently refer to the line} 15... d5 {
, without the moves ...Rb8 and a4.} 16. Bg5 h6 17. Bh4 dxe4 (17... g5 18. Nxg5
hxg5 19. Bxg5 {is very dangerous for Black, see for instance Grischuk,A (2710)
-Mamedyarov,S (2728)/Moscow 2006/CBM 116/[Lukacs/Hazai] (1/2, 34)}) 18. Nxe4 g5
19. dxe5 $1 Nxe4 20. Bxe4 Bxe4 21. Rxe4 gxh4 22. Rd4 $16 {Polgar,J (2595)
-Spassky,B (2565)/Budapest 1993/CBM 033/[Ftacnik] (1-0, 42)}) ({In the event of
} 15... Bg7 16. d5 {Black still needs to prepare ...c6, because the d6-pawn is
hanging.}) 16. a4 ({From the point of view of the previous comment,} 16. d5 {
is premature because Black can break with} c6 {immediately, when after} 17. c4
{the rook obviously is useful on the b-file, which is likely to open soon.}
bxc4 ({Black should consolidate on c5 as soon as possible. Delaying this
operation may cause problems.} 17... Qc7 18. Be3 Rec8 19. Rc1 a5 20. Qd2 bxc4
21. bxc4 Nc5 22. Bxc5 $1 dxc5 23. Ba4 Nd7 24. dxc6 Bxc6 25. Bxc6 Qxc6 26. Ne2
$14 {Hou,Y (2509)-Sasikiran,K (2700)/Zafra 2007/CBM 117 (1/2, 56). Black's
light squares are weak and his bishop risks becoming "bad".}) 18. bxc4 Nc5 19.
Bg5 Be7 20. Be3 Nfd7 21. Rb1 Qc7 22. Nd2 a5 23. Nb3 Ba6 $132 {Negi,P (2636)
-Safarli,E (2610)/Delhi 2010 (1-0, 68)}) 16... d5 {The same thematic pawn
break, under slightly changed circumstances.} 17. axb5 axb5 18. Bg5 h6 19. Bh4
{The critical answer.} (19. Bxf6 Qxf6 20. exd5 Bg7 $1 {This natural
re-developing move puts strong pressure along the a1-h8 diagonal, preventing
White from keeping his extra pawn.} (20... exd4 21. Rxe8 Rxe8 22. Qxd4 Qd6 23.
Rd1 Bg7 24. Qd3 Qb6 25. Nd4 $14 {Al-Modiahki,M (2581)-Sasikiran, K (2657)/
Moscow 2005}) 21. Ne4 (21. dxe5 Nxe5 22. Nxe5 Rxe5 23. Be4 Qd6 24. c4 $2 f5 25.
Bf3 Rxe1+ 26. Qxe1 Bxa1 $17) (21. Be4 exd4 22. Nxd4 b4 $36) 21... Qd8 $132 {
[%csl Gd5]}) 19... dxe4 20. Bxf6 ({The main point if compared to the main line
is that after} 20. Nxe4 Bxe4 21. Bxe4 {the rook is not hanging on a8, allowing}
g5 22. dxe5 (22. Bg3 Nxe4) 22... Nxe5 23. Bg3 Nxe4 24. Bxe5 f5 $11 {With his
queenside weak, White does not seem to be able to take advantage of the
vulnerability of the black king. Still, this line looks preferable to White's
choice in the game.}) 20... Nxf6 21. Nxe5 {White seems to be one step away
from winning the e4-pawn...} b4 $1 $132 {This strong counterplay on the dark
squares questions White's stability in the centre.} 22. c4 c5 23. Nxe4 cxd4 24.
Nxf6+ Qxf6 25. Ra5 ({Pawn grabbing looks risky:} 25. Qxd4 Qg5 {[%csl Gg2][%cal
Gf8g7]} 26. Ng4 Bg7 27. Rxe8+ Rxe8 28. Qd7 Re7 29. Qd8+ Kh7 {[%csl Gd8][%cal
Ge7e1]} 30. Rf1 $8 Qc5 $44) 25... Rbd8 26. Bd3 h5 27. Qd2 Re7 {White's
position is passive and he has not managed to organise his blockade on light
squares yet. His knight will become unstable rather soon.} 28. Bf1 {Hoping for
Nd3, with a solid defence.} d3 $1 $36 {A thematic pawn sacrifice, about which
Nimzovich may have written several pages, explaining his theory about blocking
and unblocking.} 29. Nxd3 Qc3 {Suddenly, White's pieces lack harmony.} 30. Qxc3
bxc3 31. Rc1 Bh6 32. f4 (32. Rxc3 $2 Bd2 $19) 32... Re3 33. Nc5 (33. Rxc3 Bg7
$17) 33... Bc6 34. Ra6 Rc8 (34... Bxf4 $5 35. Rxc6 Rxh3 36. gxh3 Bxc1 37. Bd3
$8 Be3+ 38. Kf1 Bxc5 39. Ke2 $8 Bd4 40. b4 Re8+ 41. Kd1 Re3 42. Kc2 Rxh3 {
The position looks very sharp at first sight. Both sides have dangerous pawns,
but the white bishop is also unstable. At some point, Black's material
advantage may tell.}) 35. Nd3 h4 $44 {Black retains strong compensation, but
White is not without chances, either.} 36. Rxc3 Bxf4 37. b4 Rg3 38. Raa3 Be3+
39. Kh2 Bd4 40. Rcb3 Re8 41. b5 Bb7 42. c5 Bd5 43. Ra4 Bxc5 44. Nxc5 Bxb3 45.
Rxh4 Rge3 46. b6 Kg7 47. Na6 Bd5 48. Nc7 R8e5 49. Nxd5 Rxd5 50. b7 Rb3 51. Bc4
Rdb5 52. Bxb3 Rxb3 53. Rc4 Rxb7 1/2-1/2

[Event "Hoogeveen Essent Crown 10th"]
[Site "Hoogeveen"]
[Date "2006.10.27"]
[Round "5"]
[White "Polgar, Judit"]
[Black "Mamedyarov, Shakhriyar"]
[Result "0-1"]
[WhiteElo "2710"]
[BlackElo "2728"]
[Annotator "Marin,M"]
[PlyCount "80"]
[EventDate "2006.10.22"]
[EventType "tourn"]
[EventRounds "6"]
[EventCountry "NED"]
[EventCategory "20"]
[SourceTitle "CBM 115"]
[Source "ChessBase"]
[SourceDate "2006.11.15"]
[SourceVersion "1"]
[SourceVersionDate "2006.11.15"]
[SourceQuality "1"]

1. e4 e5 2. Nf3 Nc6 3. Bb5 a6 4. Ba4 Nf6 5. O-O Be7 6. Re1 b5 7. Bb3 d6 8. c3
O-O 9. h3 Nb8 10. d4 Nbd7 11. Nbd2 Bb7 12. Bc2 Re8 13. Nf1 Bf8 14. Ng3 g6 15.
b3 ({This modern approach is a worthy alternative to the traditional} 15. a4 c5
16. d5 c4) 15... d5 $5 {A logical reaction.} ({White's main idea is that after
} 15... Bg7 16. d5 {the move b3 proves useful by enabling a further
consolidation of the centre by means of c4, while the bishop move has left the
d6-pawn undefended, which causes Black some delay with the planned ...c6.}) 16.
Bg5 {The start of an interesting phase of the game, in which neither side
should hurry to release the tension in the centre.} h6 17. Bh4 {This
provocative move is the only way to fight for an advantage.} g5 ({Black has
nothing else left than accept the challenge. The pin of the f6-knight is quite
unpleasant.} 17... dxe4 $2 18. Nxe4 g5 19. dxe5 $1 {1-0 Polgar,J (2595)
-Spassky,B (2565)/Budapest 1993/CBM 033/[Ftacnik] (42)}) 18. Nxg5 hxg5 19. Bxg5
exd4 (19... Be7 20. Nf5 $40) (19... dxe4 20. Bxe4 $1 {1-0 Sherzer,A (2500)
-Lesiege,A (2485)/Biel 1993/CBM 037/[Wolff] (47)}) 20. e5 $1 {The only ay to
keep the attack going.} Rxe5 21. Rxe5 Nxe5 22. cxd4 (22. Qxd4 Qd6 23. Re1 Ne4
24. Bf4 Re8 $17 {0-1 Navara,D (2663)-Socko,B (2615)/Ermioni Argolidas 2005/CBM
107 ext (41)}) 22... Nc6 {Not only keeping the d4-pawn under pressure, but
allowing the free circulation of the own queen as well.} ({It might seem more
logical to keep the f6-knight overdefended with} 22... Ned7 {[%csl Yd8] , but
this move seems to be too passive and leave White with dangerous initiative.}
23. Qf3 Qe7 24. Bf5 {[%csl Rd7,Yf5,Rf6,Yg5]} (24. Nh5 $5 Bg7 25. Nxg7 Kxg7 26.
Qg3 $36) 24... Qd6 25. Bf4 Qe7 26. Rc1 c6 $2 (26... c5 $5 {[%cal Yd6b6]} 27.
Bg5 Qd6) 27. Bg5 Qd6 28. Nh5 $1 $40 {[%csl Gd6]} Bg7 (28... Re8 29. Bf4 Qe7 30.
Qg3+ Kh8 31. Qh4 Kg8 32. Qg5+ Kh8 33. Nxf6 Nxf6 34. Be5 Bg7 35. Rc3 $18) (28...
Nxh5 29. Qxh5 Bg7 30. Qh7+ Kf8 31. Bxd7 Qxd7 32. Bh6 Bxh6 33. Qxh6+ Ke7 34.
Re1+ Kd8 35. Qf6+ Kc8 36. Re7 $18) 29. Nxg7 Kxg7 30. Bf4 Qe7 31. Qg3+ Kh8 32.
Qh4+ Kg8 33. Bxd7 Qxd7 34. Qxf6 Qe6 35. Qg5+ {1-0 Navara-Socko, Ustron 2006})
23. Nf5 $6 $146 {An unfortunate novelty.} ({The critical continuation is} 23.
Nh5 {when White has several ways of reaching a draw by perpetual, but has
failed to prove a method of retaining a concrete advantage yet.} Be7 24. Bxf6
Bxf6 25. Qd3 Bxd4 26. Qh7+ Kf8 27. Qh6+ Ke8 28. Re1+ Ne7 29. Qg5 (29. Ng7+ Kd7
30. Nf5 Nc6 31. Nxd4 Nxd4 32. Qf4 Nxc2 33. Qxf7+ Kc6 34. Qg6+ Kc5 35. Qxc2+ Kb6
36. Re6+ c6 $17 {0-1 Fedorov,A (2602)-Inarkiev,E (2612)/Sochi 2005/CBM 107 (60)
}) 29... Kf8 30. Bh7 {[%csl Gg8][%cal Ye1e7]} Bc3 (30... Bh8 $2 31. Qh6+ Ke8
32. Bf5 Bc3 33. Ng7+ Kf8 34. Ne6+ Ke8 35. Qf8+ Kd7 36. Nxd8+ Nxf5 37. Qe8+ Kc8
38. Nxf7#) 31. h4 {[%csl Gg5][%cal Ye1e7]} (31. Rxe7 {[%csl Ge7][%cal Yh5g3,
Yg3f5,Rg5h6]} Bh8 $1 32. Ng3 $6 f6 $1 {[%csl Gg7]}) 31... Qd6 (31... Bxe1 $2
32. Qg7+ Ke8 33. Nf6#) (31... a5 {[%cal Ya8a6]} 32. Qh6+ Ke8 33. Bf5 $1 {
[%cal Yh5g7]} Bc8 34. Qc6+ Kf8 35. Qxc3 $16) 32. Rxe7 Re8 {White has managed
to win the sacrificed material back, but Black can also be satisfied with his
achievements: he has completed his development and the pair of bishops could
become dangerous in the long run. However, the main factor remains the complex
tension surrounding the e7-square, which reminds us to mutual zugzwang. 1/2-1/
2 Landa,K (2574)-Kosyrev,V (2539)/playchess.com 2005/CBM 106 ext (48).}) 23...
Bc8 $1 $17 {After the exchange of the white knight, the attack will be easier
to beat off.} 24. Rc1 Bxf5 25. Bxf5 Qd6 26. Bh4 Ne7 27. Bg3 Qb4 28. Bb1 c6 29.
Be5 Bg7 30. a3 Qxa3 31. Rc3 Nd7 32. Rg3 Nxe5 33. dxe5 Qb4 34. Rg4 Qc3 35. f4 d4
36. Kh2 Nd5 37. f5 d3 38. Qxd3 Qxe5+ 39. Rg3 Nf6 40. Qf3 Rd8 0-1